[Event "FRA-chT3 Gr12 0304"]
[Site "Loire"]
[Date "2004.03.14"]
[Round "6.2"]
[White "Konieczny, Johan"]
[Black "Mercier, Jean Yves"]
[Result "0-1"]
[WhiteElo "1640"]
[BlackElo "1770"]
[PlyCount "45"]
[EventDate "2003.10.12"]
[EventType "team-tourn"]
[EventRounds "9"]
[EventCountry "FRA"]
[SourceTitle "EXT 2008"]
[Source "ChessBase"]
[SourceDate "2007.11.25"]
[SourceVersion "1"]
[SourceVersionDate "2007.11.25"]
[SourceQuality "1"]

1. d4 d5 2. Nf3 c6 3. Bf4 Qb6 4. Qc1 Bf5 5. Nbd2 Nd7 6. c4 e6 7. c5 Qd8 8. e3 Ngf6 9. Be2 Be7 10. 0-0 Nh5 11. Bd6 Bxd6 12. cxd6 Nhf6 13. Qc3 h6 14. Ne5 0-0 15. f3 Bh7 16. Bd3 Bxd3 17. Qxd3 Qb6 18. e4 Nxe5 19. Qc3 Rac8 20. f4 Ng6 21. e5 Nd7 22. f5 exf5 23. Kh1 0-1